| 000 | nam a22 4500 | ||
|---|---|---|---|
| 999 |
_c29454 _d29454 |
||
| 008 | 171206b xxu||||| |||| 00| 0 eng d | ||
| 020 | _a9789966256607 | ||
| 050 | _aPL 8704 .D8W3 2013 | ||
| 100 | _aWasilwa, Shisia | ||
| 245 |
_aDunia tambara bovu / _cShisia Wasilwa |
||
| 260 |
_aNairobi : _bEast African Educational Publishers, _c2013. |
||
| 300 |
_a94p. ; _c17 cm. |
||
| 942 |
_2lcc _cBOOKS _hPL 8704 .D8W3 2013 |
||